Normal view
MARC view
- الشعر العربي - القرن العشرين - مصر
Entry Topical Term
001 - CONTROL NUMBER
- control field: 46063
003 - CONTROL NUMBER IDENTIFIER
- control field: JO-AjAnu
005 - DATE AND TIME OF LATEST TRANSACTION
- control field: 20230606081620.0
008 - FIXED-LENGTH DATA ELEMENTS
- fixed length control field: 230606|| aca||aabn | a|a d
040 ## - CATALOGING SOURCE
- Original cataloging agency: JO-AjAnu
- Transcribing agency: JO-AjAnu
150 ## - HEADING--TOPICAL TERM
- Topical term or geographic name entry element: الشعر العربي - القرن العشرين - مصر
670 ## - SOURCE DATA FOUND
- Source citation: Work cat.: (JO-AjAnu)23580: تاليف ضيف، شوقي 1910 - 2005 , author 46062, شوقي: شاعر العصر الحديث